[Event "UZB-ch (Women)"]
[Site "Tashkent"]
[Date "2012.05.23"]
[Round "7"]
[White "Tokhirjanova, Hulkar"]
[Black "Sabirova, Olga"]
[Result "1/2-1/2"]
[WhiteElo "2158"]
[BlackElo "2151"]
[PlyCount "113"]
[EventDate "2012.05.17"]
[EventType "tourn"]
[EventRounds "9"]
[EventCountry "UZB"]
[SourceTitle "CBM 148 Extra"]
[Source "ChessBase"]
[SourceDate "2012.06.22"]
[SourceVersion "1"]
[SourceVersionDate "2012.06.22"]
[SourceQuality "1"]

1. e4 e5 2. Nf3 Nc6 3. d4 exd4 4. Nxd4 Bb4+ 5. c3 Be7 6. Bc4 d6 7. 0-0 Nf6 8. Nd2 0-0 9. Re1 Ng4 10. f4 Bh4 11. g3 Bf6 12. N2f3 Re8 13. b4 Bxd4+ 14. Nxd4 Nf6 15. Nxc6 bxc6 16. e5 dxe5 17. Qxd8 Rxd8 18. fxe5 Nd5 19. Bg5 Re8 20. Rac1 h6 21. Bd2 Be6 22. Ba6 Rab8 23. a3 Red8 24. Bf1 Nxb4 25. cxb4 Rxd2 26. Rxc6 Ra2 27. Ra6 Rd8 28. Bg2 Rdd2 29. Be4 Bd5 30. Bxd5 Rxd5 31. Rxa7 Rdd2 32. a4 Rg2+ 33. Kh1 Rxh2+ 34. Kg1 Rhg2+ 35. Kh1 Rxg3 36. a5 Rb3 37. Rxc7 Rxb4 38. Rf1 Rbb2 39. Rd1 Rxa5 40. Re1 Raa2 41. Rc8+ Kh7 42. Rc7 Rf2 43. Kg1 h5 44. e6 fxe6 45. Rxe6 Rab2 46. Rc1 h4 47. Re4 g5 48. Re6 Rg2+ 49. Kh1 Rh2+ 50. Kg1 Rbg2+ 51. Kf1 Rf2+ 52. Kg1 Rhg2+ 53. Kh1 h3 54. Rc7+ Kg8 55. Re8+ Rf8 56. Rxf8+ Kxf8 57. Rf7+ 1/2-1/2

[Event "UZB-ch (Women)"]
[Site "Tashkent"]
[Date "2012.05.20"]
[Round "4"]
[White "Gevorgyan, Irina"]
[Black "Tokhirjanova, Hulkar"]
[Result "1/2-1/2"]
[WhiteElo "2156"]
[BlackElo "2158"]
[PlyCount "117"]
[EventDate "2012.05.17"]
[EventType "tourn"]
[EventRounds "9"]
[EventCountry "UZB"]
[SourceTitle "CBM 148 Extra"]
[Source "ChessBase"]
[SourceDate "2012.06.22"]
[SourceVersion "1"]
[SourceVersionDate "2012.06.22"]
[SourceQuality "1"]

1. d4 Nf6 2. c4 g6 3. Nc3 Bg7 4. e4 d6 5. Be2 0-0 6. Bg5 h6 7. Be3 e5 8. d5 Nbd7 9. Qd2 Kh7 10. f3 Nh5 11. Nh3 f5 12. exf5 gxf5 13. 0-0-0 f4 14. Bd3+ Kh8 15. Bg1 a6 16. g4 fxg3 17. Be3 Nc5 18. Bg6 g2 19. Qxg2 Qh4 20. Ng1 Nf4 21. Bxf4 Qxf4+ 22. Kb1 Qxc4 23. Nge2 Bf5+ 24. Bxf5 Rxf5 25. Ng3 Rf7 26. Nge4 Nxe4 27. Nxe4 Qb5 28. Rhg1 Qd7 29. Qe2 Qf5 30. Rg3 Bf6 31. Ka1 Rg8 32. Rxg8+ Kxg8 33. Ng3 Qh3 34. Qc2 Bg5 35. a3 Kf8 36. Rd3 Bf4 37. Rb3 Bxg3 38. hxg3 Qxg3 39. Rxb7 Qxf3 40. Qc6 Qd3 41. Ka2 h5 42. Rb8+ Kg7 43. Rb3 Qe4 44. Rb7 Kg6 45. Rb4 Qf3 46. Ra4 Kg5 47. Rxa6 h4 48. Ra8 h3 49. Rg8+ Kf6 50. Qa8 Kf5 51. Rh8 Ke4 52. Qc6 Qd3 53. Qa4+ Kxd5 54. Qa8+ Kd4 55. Qa7+ Ke4 56. Qa4+ Kd5 57. Qa8+ Kc5 58. Qa7+ Kd5 59. Qa8+ 1/2-1/2

[Event "UZB-ch (Women)"]
[Site "Tashkent"]
[Date "2012.05.17"]
[Round "1"]
[White "Tokhirjanova, Hulkar"]
[Black "Tokhirjonova, Gulruhbegim"]
[Result "1/2-1/2"]
[WhiteElo "2158"]
[BlackElo "1947"]
[PlyCount "35"]
[EventDate "2012.05.17"]
[EventType "tourn"]
[EventRounds "9"]
[EventCountry "UZB"]
[SourceTitle "CBM 148 Extra"]
[Source "ChessBase"]
[SourceDate "2012.06.22"]
[SourceVersion "1"]
[SourceVersionDate "2012.06.22"]
[SourceQuality "1"]

1. e4 e5 2. Nf3 Nc6 3. d4 exd4 4. Nxd4 Nf6 5. Nc3 Bb4 6. Nxc6 bxc6 7. Bd3 d5 8. exd5 cxd5 9. 0-0 0-0 10. Bg5 c6 11. Qf3 Be7 12. Rae1 Be6 13. h3 Re8 14. Re2 h6 15. Bf4 Bd6 16. Rfe1 Rb8 17. Bxd6 Qxd6 18. b3 1/2-1/2

[Event "Agzamov Memorial 06th"]
[Site "Tashkent"]
[Date "2012.03.06"]
[Round "1"]
[White "Grachev, Boris V"]
[Black "Tokhirjanova, Hulkar"]
[Result "1-0"]
[WhiteElo "2705"]
[BlackElo "2178"]
[PlyCount "80"]
[EventDate "2012.03.06"]
[EventType "swiss"]
[EventRounds "9"]
[EventCountry "UZB"]
[SourceTitle "CBM 147 Extra"]
[Source "ChessBase"]
[SourceDate "2012.04.24"]
[SourceVersion "1"]
[SourceVersionDate "2012.04.24"]
[SourceQuality "1"]

1. Nf3 c5 2. c4 g6 3. g3 Bg7 4. Bg2 Nc6 5. Nc3 d6 6. 0-0 e6 7. e3 Nge7 8. d4 0-0 9. d5 exd5 10. cxd5 Ne5 11. Nxe5 Bxe5 12. Qc2 a6 13. b3 b5 14. Bb2 Bg7 15. Ne4 f6 16. Nxc5 dxc5 17. d6 Rb8 18. dxe7 Qxe7 19. Rfc1 Bb7 20. Qxc5 Qxc5 21. Rxc5 Bxg2 22. Kxg2 f5 23. Bxg7 Kxg7 24. Rd1 Rb6 25. Rd7+ Rf7 26. Rxf7+ Kxf7 27. Rc7+ Ke6 28. Rxh7 Rc6 29. Ra7 Kd6 30. h4 Kc5 31. a3 b4 32. axb4+ Kxb4 33. Rb7+ Kc5 34. Kf3 Re6 35. Kf4 Re4+ 36. Kg5 Rg4+ 37. Kf6 a5 38. Rb8 Kc6 39. Rg8 Rb4 40. Ra8 Rxb3 1-0